000 00456nam a2200181Ia 4500
005 20250508161742.0
008 008 250505s9999 xx 000 0 eng d
037 _aBooks to be hide in OPAC
040 _aFEDL
_beng
_cFEDL
041 _aeng
_2eng
084 _a823, BLY/O
_qFEDL
100 _aBlyton Enid
245 0 _aSecret seven mystery
260 _c1957
300 _a120p.
942 _cHB
_h823, BLY/O
999 _c1371903
_d1371903